Proteccin̤ multinivel de los derechos humanos Sistemas europeo e interamericano /

Detalles Bibliográficos
Autor principal: Lp̤ez Guerra, Luis
Formato: eBook
Lenguaje:español
Publicado: Lima: Palestra Editores, 2021
Materias:
Acceso en línea:Acceso restringido

MARC

LEADER 00000nam a22000007a 4500
005 2022082401311.0
007 cr|||| ||||
008 220824s2021 pe |||||s|||| 00||0 spa d
020 |a 9786123252229 
035 |a 36951 
040 |a vLex 
090 |c 13817  |d 13817 
100 1 |a Lp̤ez Guerra, Luis 
245 1 0 |a Proteccin̤ multinivel de los derechos humanos  |h [Recurso electrn̤ico] :  |b Sistemas europeo e interamericano /  |c Luis Lp̤ez Guerra 
256 |a Servicio en ln̕ea 
260 |a Lima:  |b Palestra Editores,  |c 2021 
300 |a 1 recurso electrn̤ico 
500 |a Se incluyen en el presente volumen una serie de publicaciones del autor que versan sobre la proteccin̤ internacional de derechos fundamentales, y su relacin̤ con su proteccin̤ en los ordenamientos nacionales. Todas estas publicaciones parten de una perspectiva europea, como resultado de la experiencia del autor durante diez aǫs (2008 a 2018) como juez del Tribunal Europeo de Derechos Humanos: pero tambiň, en muchos de ellos, se dedica especial atencin̤ al sistema interamericano de proteccin̤ de derechos humanos, y a la prc̀tica del r̤gano jurisdiccional del mismo, la Corte Interamericana de San Jos,̌ por cuanto, como podr ̀verificar el lector, la labor de ambos tribunales se encuentra estrechamente relacionada, tanto a travš de los principios de que parten como de la prc̀tica en la interpretacin̤ y aplicacin̤ de esos principios. Desde esta perspectiva europea se hace tambiň especial referencia a la labor de un tribunal como el Tribunal de Justicia de la Unin̤ Europea, en su funcin̤ de proteccin̤ de los derechos proclamados en la Carta de Derechos Fundamentales de la Unin̤. 
506 1 |a Disponible solo en los productos indicados  |d vLex Global  |d vLex Global (Academic Edition, excluding Law Schools)  |d vLex Global (U.S. Academic Edition, Law Schools)  |d vLex Global (U.S. Academic Edition, excluding Law Schools)  |d vLex Global (Academic Edition, Law Schools) 
650 0 4 |a Derecho Constitucional  |z Per︢ 
740 0 |a vLex Libros (Servicio en ln̕ea) 
856 4 0 |u https://app.vlex.com/#/sources/36951  |z Acceso restringido 
942 |c BOOK 
999 0 |a Constitutional right